[Event "FIDE GP"]
[Site "Moscow"]
[Date "2002.06.04"]
[Round "4.3"]
[White "Beliavsky, Alexander G"]
[Black "Radjabov, Teimour"]
[Result "1/2-1/2"]
[WhiteElo "2661"]
[BlackElo "2610"]
[Annotator "Postny,E"]
[PlyCount "96"]
[EventDate "2002.06.01"]
[EventType "k.o. (rapid)"]
[EventRounds "5"]
[EventCountry "RUS"]
[SourceTitle "CBM 090"]
[Source "ChessBase"]
[SourceDate "2002.09.20"]
[SourceVersion "1"]
[SourceVersionDate "2002.09.20"]
[SourceQuality "1"]

1. d4 e6 2. c4 f5 3. Nf3 Nf6 4. g3 d5 5. Bg2 c6 6. O-O Bd6 7. Bf4 {From the
positional point of view, this move is highly recommended, but as practice
shows, after the exchange black gets good counterplay, exploiting the weakness
of white's kingside.} ({The main line is} 7. b3) 7... Bxf4 8. gxf4 O-O 9. e3 ({
Another way of development is} 9. Nbd2 Bd7 10. Qb3 Qb6 {- see commented game
Tregubov,P-Iljushin,A/RUS-ch 53rd Samara 2000/CBM 78/0-1 (33) [Tyomkin]}) 9...
Ne4 ({The main alternatives are:} 9... Nbd7) (9... Bd7) 10. Nc3 ({The
alternative} 10. Nbd2 {seems to me preferable. For example see the game Astrom,
R-Ulibin,M/Excelsior Cup 1999/CBM 69/0-1 (55) [Tyomkin]}) 10... Nd7 (10... Bd7
11. Qb3 Qb6 12. Nxe4 fxe4 13. Ne5 Qxb3 14. axb3 Be8 15. Bh3 Rf6 16. f3 exf3 17.
Rxf3 Nd7 $11 {1/2-1/2 Ehlvest,J-Gleizerov,E/Koszalin 1998/CBM 65 ext (21)}) 11.
Qe2 (11. Nxe4 fxe4 12. Ne5 Nxe5 13. fxe5 Bd7 14. f3 exf3 15. Rxf3 Qe7 16. c5
Rxf3 17. Qxf3 Rf8 18. Qg3 Be8 19. Rf1 Rxf1+ {1/2-1/2 Vokac,M-Blatny,P/Kunzak
2001/CBM 82 ext (19)}) 11... Qe7 12. Rac1 $6 $146 {A typical blitz move,
without a concrete idea. More logical continuations are:} (12. Nxe4 fxe4 13.
Ng5 Nf6 $6 (13... e5) 14. f3 exf3 15. Nxf3 Bd7 16. Ne5 $14 {0-1 Kachiani
Gersinska,K-Akhmilovskaya,E/Borshomi 1990/CBM 21 ext (47)}) (12. Kh1 Kh8 13.
Rg1 Rg8 14. Bh3 Ndf6 15. Ne5 Bd7 16. Rac1 $13 {1/2-1/2 Terentiev,V-Bezman,V/
Simferopol 1989/EXT 97 (36)}) 12... Rf6 $1 {[%cal Gf6h6]} 13. cxd5 $6 {This
exchange is not recommended, as it gives black more space.} (13. Kh1 $13 {
[%cal Yf1g1]}) 13... exd5 14. Ne5 Rh6 $36 (14... Nxe5 15. dxe5 Rh6 16. f3 Qh4
$6 (16... Nxc3 {is similar to the game.}) 17. fxe4 Qxh2+ 18. Kf2 Qh4+ $11) 15.
f3 Nxc3 ({Again after} 15... Qh4 $6 16. fxe4 Qxh2+ 17. Kf2 Qh4+ 18. Kg1 {
black has no more, than a perpetual check.}) 16. bxc3 {The recapture is better,
than 16.Rxc3. White strengthens his pawn centre.} Qh4 17. Bh1 Nxe5 18. dxe5 (
18. fxe5 $2 Rg6+ 19. Bg2 f4 $40 {[%csl Gc8]}) 18... Rg6+ 19. Bg2 Be6 {Black's
position is certainly better, but he must play energetically, not to lose his
temporary initiative on the kingside.} 20. Qe1 Qh5 21. Rf2 Kh8 22. Kh1 Rg8 23.
Rb2 $6 (23. Bf1 $5 Rh6 24. Be2) 23... b6 $6 {Probably this was the moment,
where black missed the opportunity to get a strong attack.} (23... Rh6 24. Qg3
(24. Qg1 g5 25. Rxb7 gxf4 26. exf4 Qh4 $40 {[%csl Rf4]}) 24... g5 $1 25. Rxb7
g4 26. Re7 $1 d4 $1 {[%cal Ge6d5,Gd5f3]} (26... gxf3 $2 27. Bxf3 {[%csl Rh5]})
27. Rxe6 $5 (27. c4 dxe3 28. fxg4 Rxg4 29. Bf3 Qh4 30. Qxh4 Rgxh4 $19) 27...
Rxe6 28. cxd4 Rh6 29. Rg1 Rgg6 30. Bf1 gxf3 31. Qf2 Rg4 {[%cal Gg4h4]} 32. Rxg4
fxg4 {[%csl Rh1] with a strong attack.}) 24. Qf2 Rh6 25. Bf1 $13 {Now white
has successfully regrouped his pieces.} c5 (25... g5 $6 26. fxg5 Qxg5 27. f4)
26. Be2 Qh4 $6 {The QQ exchange is in white's favour.} ({Probably black should
switch plan, because there is already nothing, that he can improve on the
kingside.} 26... Qf7 $5 $13) 27. Qxh4 Rxh4 28. Rd2 g5 $6 (28... c4 $142) 29.
fxg5 $2 (29. c4 $1 {A very strong move, which can be easily missed in
conditions of blitz play.} d4 (29... dxc4 30. Rd6 $14) 30. exd4 cxd4 31. Rxd4
Rxf4 32. Rxf4 gxf4 33. c5 $14) 29... Rxg5 30. Rg1 (30. f4 $2 Rg3 {[%csl Re3]})
30... Rxg1+ ({Also possible} 30... Rgh5 $5 31. Bd1 f4 32. exf4 Rxf4 33. Re1 Rg5
$17 {[%csl Re5][%cal Gf4f5]} (33... Rff5 $2 34. f4 Rh4 35. Bf3 d4 36. cxd4
Rhxf4 37. d5 $1)) 31. Kxg1 f4 32. exf4 Rxf4 {The black active R and white's
pawn weaknesses all around yields black a serious advantage.} 33. Rd3 Ra4 34.
Rd2 Ra3 35. Rc2 Bf5 36. Rd2 Be6 (36... Rxc3 $2 37. Rxd5 Rc2 38. Bd3 Bxd3 39.
Rxd3 Rxa2 40. f4 {[%csl Ge5,Gf4]}) 37. Rc2 d4 $6 (37... a6 $5 38. Kf2 b5 39. f4
c4 {[%cal Ga6a5,Gb5b4]}) 38. cxd4 cxd4 39. Rc6 Bxa2 40. Rd6 Re3 41. Kf2 Rxe5
42. Rd8+ $1 {The right check. White should capture the Pa7 in order to leave
black with the isolated pawns.} (42. Rxd4 Re7 {and two connected passed PP
yields black good winning chances.}) 42... Kg7 43. Rd7+ Bf7 44. Rxa7 b5 $2 {
This move loses the pawn on the spot, however black's winning chances in this
position are not so reliable anyway.} (44... Ra5 45. Rb7 Ra2 46. Ke1 $15) 45.
Rb7 $11 {[%csl Rb5]} Rh5 46. Kg3 Kf6 47. Bxb5 Rg5+ 48. Kf2 Rc5 1/2-1/2

[Event "USA-ch"]
[Site "San Diego"]
[Date "2004.11.24"]
[Round "1"]
[White "Benjamin, Joel"]
[Black "Adamson, Robby"]
[Result "1/2-1/2"]
[WhiteElo "2554"]
[BlackElo "2373"]
[Annotator "Roiz,M"]
[PlyCount "68"]
[EventDate "2004.11.24"]
[EventType "swiss"]
[EventRounds "9"]
[EventCountry "USA"]
[SourceTitle "CBM 105"]
[Source "ChessBase"]
[SourceDate "2005.04.11"]
[SourceVersion "1"]
[SourceVersionDate "2005.04.11"]
[SourceQuality "1"]

1. d4 d5 2. c4 e6 3. Nf3 c6 4. Nbd2 {A possible way to avoid the well-known
theoretical lines after 4.Nc3 dxc4 or 4.Qc2 Nf6 5.Bg5 dxc4. The main drawback
of it's is a closing of Bc1-that's why 4...f5 leads to a good version of the
Stone-Wall system.} f5 5. g3 Nf6 6. Bg2 Bd6 7. O-O O-O 8. Ne5 {White is trying
to regroup his pieces according to a classical plan: Ne5-d3,Nd2-f3 and Bc1-f4,
getting control of the dark squares.} Qe7 {That move wasn't necessary, as
white's knight is already on d2, so the idea of b2-b3 and Bc1-a3 is irrelevant.
} ({Deserves attention:} 8... Nbd7 9. Nd3 b6 10. Nf3 (10. b3 $5) 10... dxc4 11.
Nde5 Bxe5 12. dxe5 Nd5 13. Qc2 b5 $132 {0-1 Tishin,D-Geller,J/Alushta UKR 2004/
The Week in Chess 516 (45)}) 9. Ndf3 Ne4 10. Qc2 b6 {That plan of development
is more popular nowdays than an old plan with Bc8-d7-e8.} 11. cxd5 cxd5 12. Be3
{That move looks a bit harmless. It's clear, that white should try to exchange
the dark-squared bishops, so it's better to place it on f4.} ({White's play in
the following game looks more logical:} 12. Nd3 Ba6 13. Bf4 Rc8 14. Qa4 Bxd3
15. Bxd6 Nxd6 16. exd3 Nd7 17. Rfe1 Nf8 18. h4 $14 {1-0 Bocharov,D-Ulibin,M/St
Petersburg RUS 2003/The Week in Chess 468 (58)}) 12... Bb7 {A necessary move
for completing development.} ({Dubiously would be:} 12... Ba6 $6 13. Rac1 Nd7
14. Qa4 Bxe5 15. Qxa6 $14) 13. Rac1 Nd7 14. Nxd7 $146 {I don't like that
exchange, as usually white shouldn't swap the knights in that type of
positions.} ({White didn't achieved anything in the following game:} 14. Bf4
Rac8 15. Qa4 Nxe5 16. Bxe5 Rxc1 17. Rxc1 Rc8 18. Rxc8+ Bxc8 $11 {1/2-1/2
Vladimirov,E-Gleizerov,E/Abu Dhabi UAE 2004/The Week in Chess 511 (23)}) ({
Now after} 14. Nd3 Rfc8 15. Qb3 {black may prevent the exchange of the bishops
by:} g5 $1 {getteng a comfortable position.}) 14... Qxd7 15. Ne5 $6 {That is
not a serious mistake yet, but now black gets a very easy play.} ({Better was:
} 15. Bf4 Rfc8 16. Qb3 Ba6 $11 {although black has no problems at all.}) 15...
Bxe5 $1 {A right decision! White's bishops have no power (especially the Bg2
is worse than Bb7!), while black can easy attack white's pawns and try to
occupy the only open file ''c''.} 16. dxe5 Rfc8 17. Qb3 Ba6 18. Rfe1 $2 {
And that inaccuracy leads to a worse position!} ({White could keep an equality
after:} 18. Bf3 Rc4 19. Rxc4 Bxc4 20. Qa3 $11) 18... Rxc1 19. Bxc1 {That
allows black to seize the open file.} ({But after} 19. Rxc1 Bxe2 20. f3 Nc5 21.
Bxc5 bxc5 22. Rxc5 d4 23. f4 Rc8 24. Rxc8+ Qxc8 25. Kf2 d3 $36 {black's passed
Pd3 is very strong.}) 19... Rc8 20. f3 $2 {As it usually happens-one mistake
leads to another one.} ({More accurate would be:} 20. Be3 $142 Rc6 21. Qa4 Qc8
$15 {although black has a clear positional advantage.}) 20... Nc5 21. Qa3 (21.
Qd1 {can be also met by} Qa4 $1 $17) 21... Qa4 $1 $17 {Maybe that powerful
move was overlooked by Joel. Now white cannot prevent the penetration of
black's heavy pieces and his position becomes critical.} 22. b3 $2 {It's hard
to believe, but that natural move is already a decisive mistake!} ({White
could get some drawish chances only after the correct} 22. b4 $1 Qxa3 23. Bxa3
Nd7 24. e4 fxe4 25. fxe4 d4 26. Rd1 d3 27. Bh3 $17) 22... Qd4+ 23. Kh1 (23. e3
Qc3 24. Rd1 Be2 25. Bd2 Qc2 $19) 23... Qc3 $1 {The weakness of white's king is
the most important fact now!} 24. Rg1 ({More resistant could be:} 24. Rd1 {
after which black should play directly:} Qxe5 $1 ({worse is:} 24... Bxe2 $6 25.
Bb2 Qe3 26. Bd4 Qh6 27. Rc1 $17) 25. e3 Be2 26. Bb2 Qxe3 27. Bd4 Qh6 28. Rc1
Qd2 $19 {activating the queen.}) 24... Bxe2 $19 {Now the position is
completely winning for black!} 25. Qxa7 {That looks like a desperation, but at
least white tries something....} (25. Qb2 {fails immediately to} {[%tqu "En",
"Please,enter the strongest continuation of black.","","","c3f3","",10]} Qxf3
$3 26. Bxf3 Bxf3+ 27. Rg2 Nd3 $19 {[%csl Rb2,Rc1][%cal Gc8c1,Gd3b2]}) 25...
Bxf3 26. Qxb6 {White is unable to help his monarch, so at least he takes the
pawn...} Bxg2+ 27. Kxg2 Qxe5 {White's king is completely compromised. It's
hard to believe that it could avoid a quick mate,but....} 28. Rf1 Qe4+ 29. Kg1
Nd3 30. Be3 Rc2 $4 {It's just unbelievable! Why did black allowed the
perpetual check?} ({White is completely hopeless after the simple} 30... h6 {
For example:} 31. Qd4 (31. a4 Rc2 32. Bf2 Ne5 33. Qxe6+ Kh7 $19) 31... e5 32.
Qxe4 fxe4 $19 {with an easy win.}) 31. Qd8+ Kf7 32. Qd7+ Kf8 (32... Kg6 33.
Qe8+ Kf6 34. Qf8+ Ke5 35. Qb8+ $11) 33. Qd8+ Kf7 34. Qd7+ Kf8 1/2-1/2

[Event "RUS-ch KO"]
[Site "Moscow"]
[Date "1999.12.21"]
[Round "4.1"]
[White "Bezgodov, Alexei"]
[Black "Grischuk, Alexander"]
[Result "1-0"]
[WhiteElo "2576"]
[BlackElo "2549"]
[Annotator "Tyomkin,D"]
[PlyCount "111"]
[EventDate "1999.12.04"]
[EventType "k.o."]
[EventRounds "6"]
[EventCountry "RUS"]
[SourceTitle "CBM 075"]
[Source "ChessBase"]
[SourceDate "2000.04.05"]
[SourceVersion "1"]
[SourceVersionDate "2000.04.05"]
[SourceQuality "1"]

1. d4 d5 2. c4 e6 3. Nf3 c6 4. Nbd2 f5 5. g3 Nf6 6. Bg2 Bd6 7. O-O O-O 8. b3 b6
9. Ne5 (9. Bb2 a5 10. a3 $6 {Not necessary at all.} Bb7 11. Ne5 Qe7 12. Nd3
Nbd7 13. Nf3 c5 $15 {0-1 Gonzalez,G-Vaisser,A/Las Palmas 1995/EXT 98 (35)})
9... Bb7 10. Ndf3 (10. Bb2 Nbd7 11. Ndf3 Rc8 12. Rc1 Ne4 13. Rc2 Qe7 14. Qc1
$11 {1/2-1/2 Ubilava,E-Arkhipov,S/Tbilisi 1986/EXT 98 (39)}) 10... Ne4 $146 (
10... Qe7 11. cxd5 cxd5 12. Ne1 a5 13. Bb2 Na6 14. a3 Rac8 15. Qd3 $6 Nb8 $1
16. Qe3 Ba6 $15 {0-1 Miralles,G-Agdestein,S/Lyon 1988/CBM 07 (41)}) 11. Nd3 Nd7
12. Bf4 Be7 13. Nfe5 Ndf6 $6 {As I know from my experience, black should trade
pair of knights in this structure, otherwise, while white play f2-f3, black
hasn't good places for both knights.} (13... Nxe5 $142 14. Nxe5 dxc4 (14... c5
15. dxc5 Bxc5 16. cxd5 $11) 15. Nxc4 (15. Bxe4 fxe4 16. Nxc4 $11) 15... c5 $11)
(13... g5 14. Nxd7 Qxd7 15. Be5 $14) 14. Rc1 Rc8 $6 (14... c5 15. cxd5 (15. f3
$6 dxc4 {[%csl Rd4]}) (15. dxc5 Nxc5 (15... bxc5 $2 16. f3 {[%csl Rc5]}) 16.
Nxc5 Bxc5 {and black probably gets equality.}) 15... Nxd5 16. dxc5 Nxc5 17. b4
$5 {but white still doesn't get anything serious.}) 15. f3 Nd6 16. c5 {Finally,
after two unaccurate moves of black, white got an advantage-white has more
space and full control over the center.} Nf7 17. b4 Nxe5 18. Nxe5 Ba6 19. Re1
Nh5 20. Bd2 Bf6 21. e3 $16 {[%cal Rg3g4]} (21. Qa4 Bb5 22. Qxa7 Bxe5 23. dxe5
Ra8 24. Qxb6 Qc8 {[%csl Rb6][%cal Ga8a6]} ({or} 24... Qe7 {[%csl Rb6]})) 21...
g5 22. cxb6 (22. f4 $5 Qe8 $16 {[%csl Yc6,Yh5]}) 22... Bxe5 23. b7 $1 Bxb7 24.
dxe5 Ng7 (24... f4 25. exf4 gxf4 26. g4 $16) 25. Bc3 h5 26. h3 Ba6 27. Bd4 Rf7
28. Qd2 Kh8 29. Rc2 Qd7 30. Rec1 Bb5 31. Rc5 {I believe that white was in
time-trouble-this is how can I explaine that white didn't make any pawn
advance on the kingside, beeing warried to create some weakness.} (31. f4 gxf4
32. exf4 Rg8 33. Kh2 Ne8 34. Bf3 {and on h5-h4 white replies by g3-g4}) 31...
Rg8 32. R5c2 (32. a4 $142 Bxa4 33. Ra5 Bb5 34. Rxa7 Qe8 35. Rca1 $16) 32... g4
33. hxg4 hxg4 34. fxg4 (34. f4 Nh5 35. Kf2 Rh7 36. Rh1 $16) 34... fxg4 35. e4
Nh5 36. exd5 (36. Rc3 $16) (36. Qe3 $16) 36... Nxg3 (36... cxd5 37. Rc7 {
Looks as a best way to the win.Other moves also lead to the winning position.}
Qxc7 38. Rxc7 Rxc7 39. Qh6+ Rh7 40. Qxe6 Bc4 41. Qf5 Ng7 42. e6 {[%cal Ge6e7,
Yf5f8] and black can not prevent e6-e7 and then Qf8. In that case, if black
covers the e8-square with Bb5, Bxd5 will decide.}) 37. Qh6+ Rh7 38. Qf6+ Rgg7
39. Qf8+ Rg8 40. Qf6+ (40. Qf2 $1 {[%csl Rg3]} Nf5 (40... Nh5 41. dxc6 Qc7 42.
Be4 $18) 41. Qxf5 $3 exf5 42. e6+ Qg7 43. Bxg7+ Rhxg7 44. d6 $1 $18 {[%csl Gd6,
Ge6]}) 40... Rgg7 41. a4 $4 {[%mdl 8192] Probably Bezgodov was in time-trouble
and didn't count moves.I guess in the normal situation with the time he could
easily find the way t win.} (41. Qf8+ Rg8 42. Qf2 $18 {-see 40.Qf2}) 41... Bxa4
42. Qf8+ Rg8 43. Qf6+ Rgg7 44. Ra2 cxd5 45. Bxd5 $1 Bb3 $4 {[%mdl 8192] This
tactical blunder of Grischuk I can explain just that he could not calculate
consiquences of this move correctly.It leads to the queen sacrifice of black,
and black gets some attack,but the whites king easily escapes from checks of
black pieces.} (45... Rh3 46. Qxe6 Qxe6 47. Bxe6 Rh1+ 48. Kg2 Rxc1 49. Kxg3 $11
) (45... Rh5 46. Qxe6 Qxe6 47. Bxe6 Rh1+ {-45...Rh3}) (45... exd5 $4 46. Qf8+
Rg8 47. e6+ $18 {mating.}) 46. Qf8+ Rg8 47. Qf6+ Rgg7 48. Rxa7 $18 Bxd5 49.
Rxd7 Rh1+ 50. Kf2 Ne4+ 51. Ke2 Rh2+ 52. Kd3 Rh3+ (52... Nxf6 53. exf6 Bc4+ $1
54. Kc3 $1 Rh3+ 55. Kb2 $1 $18) 53. Kc2 Rh2+ 54. Kb1 Nd2+ 55. Kb2 Ne4+ 56. Rc2
{Not the best game of young and talanted GM Grischuk.} 1-0

[Event "EU-ch 2nd"]
[Site "Ohrid"]
[Date "2001.06.07"]
[Round "7"]
[White "Bogdanovski, Vlatko"]
[Black "Sargissian, Gabriel"]
[Result "1-0"]
[WhiteElo "2463"]
[BlackElo "2517"]
[Annotator "Tyomkin,D"]
[PlyCount "87"]
[EventDate "2001.06.01"]
[EventType "swiss"]
[EventRounds "13"]
[EventCountry "YUG"]
[SourceTitle "CBM 084"]
[Source "ChessBase"]
[SourceDate "2001.09.13"]
[SourceVersion "1"]
[SourceVersionDate "2001.09.13"]
[SourceQuality "1"]

1. d4 e6 2. Nf3 f5 3. g3 Nf6 4. Bg2 d5 5. O-O Bd6 6. c4 c6 7. b3 Qe7 8. Bb2 O-O
(8... b6 {in my opinion, this is better way for black in this position; The
idea is to delay the castle for a while, and, in case of white's Qc1 and Ba3,
to keep the king in the center in arising ending;}) 9. Qc1 Bd7 {9...b6
following by Bb7 gives black at least an equal play;} (9... b6 10. Ba3 (10. Ne5
Bb7 11. Ba3 Nbd7 (11... c5 $5) 12. Nd3 Ne4 (12... c5 13. Nc3 {[%cal Gc3b5]} a6
$13) 13. Qb2 dxc4 14. bxc4 c5 15. e3 Rac8 (15... e5 $1 $15) 16. Rc1 Rfd8 $15 {
1/2-1/2 Miralles,G-Dolmatov,S/Marseille 1988/CBM 09 (50)}) 10... Bb7 11. Bxd6
Qxd6 12. Qa3 c5 (12... Qxa3 13. Nxa3 Nbd7 14. Rfd1 a5 15. Rac1 Rac8 16. e3 Kf7
17. Ne1 {1/2-1/2 Sosonko,G-Tal,M/Wijk aan Zee 1988/CBM 05 (17)}) 13. Ne5 Ne4
14. Rd1 Na6 (14... Nc6 $5 15. Nxc6 Qxc6 16. dxc5 bxc5 17. e3 $11 {[%cal Gb1d2]}
) 15. f3 cxd4 (15... Nf6 16. f4 Ne4 $11) 16. Qxd6 Nxd6 17. Rxd4 Nb4 18. Na3 Nf7
19. Nxf7 Rxf7 20. cxd5 Nxd5 21. Nc4 $14 {1/2-1/2 Vogt,L-Marin,M/Dresden 1988/
CBM 10 (59)}) 10. Ba3 Be8 11. Bxd6 Qxd6 12. Qb2 $146 {In the endgame after 12.
Qa3 black is quite safe as it was proved in few grandmasters' games:} (12. Qa3
Qxa3 13. Nxa3 Bh5 14. Rfe1 (14. Ng5 Re8 15. Rfe1 Na6 16. Nh3 Nb4 17. Nf4 dxc4
$5 18. Nxh5 Nxh5 19. bxc4 Rad8 20. Red1 e5 $11 {0-1 Ftacnik,L-Rechlis,G/Manila
1990/CBM 19/[Schussler] (79)}) 14... Nbd7 15. Nc2 Rae8 16. cxd5 exd5 17. Nb4
Bxf3 18. Bxf3 Ne4 $11 {1/2-1/2 San Segundo,P-Reyes,R/New York 1988/CBM 08 (41)}
) (12. Ne5 Bh5 13. e3 Nbd7 14. c5 Qe7 15. Nxd7 (15. f4 $5) 15... Nxd7 16. f4 g5
(16... Be2 $5 {[%cal Ge2d3,Gd3e4]}) 17. Nc3 gxf4 18. exf4 Nf6 19. Qe3 $14 {
1/2-1/2 Danner,G-Lutz,C/Budapest 1989/CBM 14 (41)}) 12... Bh5 13. Ne5 Nbd7 14.
e3 Ne4 15. f3 Nec5 16. f4 Ne4 17. Bxe4 fxe4 (17... dxe4 18. b4 $14 {[%cal
Gb1c3]}) 18. g4 Be8 19. Qa3 Qxa3 (19... Qb8 20. Nc3 $14 {all black pieces are
very passive, and white controls all over the board;}) (19... c5 20. Nc3 b6 21.
dxc5 bxc5 22. Nxd7 Bxd7 23. Rad1 $16 {[%csl Rd5][%cal Gc3e4]}) 20. Nxa3 {
[%mdl 4096]} Nxe5 21. fxe5 Bg6 22. Rxf8+ Rxf8 $2 {[%mdl 20480] Black gonna
trade last pair of rooks, but the right way was to keep them on and to move
the king to the centre;} (22... Kxf8 23. b4 Ke7 24. b5 (24. c5 b5 $1) 24... Be8
{and black successfully holds its queenside;}) 23. Rf1 Rf3 $2 {[%mdl 20480]
After this move rooks will be traded and the ending knight against bishop will
be lost for black;} (23... Rc8 $14 {Black has good chances to save this ending;
}) 24. Nc2 h5 25. gxh5 Bxh5 26. Rxf3 Bxf3 27. c5 a5 {I tried to save this
ending for black different ways, but all of them didn't bring success;} (27...
g5 28. Ne1 Bd1 29. Kf2 Kf7 30. Kg3 Kg6 31. h4 gxh4+ 32. Kxh4 Kf5 33. Ng2 b6 34.
b4 bxc5 35. bxc5 a5 36. Nf4 a4 37. a3 Bf3 38. Kg3 {[%cal Gg3f2,Gf2e1,Ge1d2,
Gd2c3,Gc3b4,Gb4a5,Ga5b6]} (38. Nh3 Bh5 $3 39. Ng5 Bg6 {and white can not get
in with the knight;}) 38... Bd1 39. Kf2 Bg4 40. Ke1 Kg5 41. Kd2 Kh4 42. Ng6+ {
[%cal Gg6e7]}) 28. Ne1 Bd1 29. Ng2 Kf7 (29... g5 30. Kf2 {[%cal Gf2g3,Yh2h4]} (
30. h4 {[%csl Re6,Yf4]}) 30... Kg7 31. Kg3 Kg6 32. h4 gxh4+ 33. Kxh4 Kf5 34.
Nf4 Bf3 35. Nh3 {[%cal Gh3g5]}) 30. h4 Kg6 31. Nf4+ Kf5 32. Kf2 g6 (32... Bg4
33. Kg3 Bd1 34. h5 {[%cal Gg3h4,Yf4g6]}) 33. Kg3 Bh5 (33... Bg4 34. Nxg6 $18)
34. Nh3 {[%cal Gh3g5,Gg5f7,Yf7d6,Yf7d8] Finally white knight has a way in, and
the game is actually finished for black;} g5 35. hxg5 Bg4 36. Nf2 Bh5 37. Kh4
Bf7 38. Nh3 Bg6 39. Nf4 Be8 40. Nh5 Bf7 41. Nf6 Kg6 42. Nd7 Kg7 43. Nb6 Bg6 44.
Nc8 1-0